| 000 | 01097 a2200325 4500 | ||
|---|---|---|---|
| 999 |
_c200419462 _d37648 |
||
| 001 | 200419462 | ||
| 003 | TR-AnTOB | ||
| 005 | 20200313091850.0 | ||
| 008 | 140506s tu 000 0 | ||
| 020 | _a9786053637639 | ||
| 040 |
_aTR-AnTOB _btur _erda _cTR-AnTOB |
||
| 041 | 0 | _atur | |
| 050 | 0 | 0 |
_aBP188.8.T9 _bK3 2009 |
| 090 | _aBP188.8.T9 K3 2009 | ||
| 100 | 1 |
_aKarakaş, Mahmut _998460 |
|
| 245 | 1 | 0 |
_aŞanlıurfa evliya ve alimleri / _cMahmut Karakaş. |
| 264 |
_aŞanlıurfa : _bİl Kültür ve Turizm Müdürlüğü Yayınları, _c2009 |
||
| 300 |
_a408 p. : _bill., facsimile ; _c24 cm. |
||
| 336 |
_atext _2rdacontent _btxt |
||
| 337 |
_aunmediated _2rdamedia _bn |
||
| 338 |
_avolume _2rdacarrier _bnc |
||
| 490 | 0 |
_aŞehir Kitaplığı Dizisi ; _v19 |
|
| 650 | 0 | 0 |
_aSufism _zTurkey _zŞanlıurfa _998464 |
| 650 | 0 | 0 |
_aDervishes _zTurkey _xHistory _998465 |
| 650 | 0 | 0 |
_aMuslim saints _zTurkey _zŞanlıurfa _998467 |
| 650 | 0 | 0 |
_aIslamic shrines _zTurkey _zŞanlıurfa _998468 |
| 650 | 0 | 0 |
_aDervishes _zTurkey _zŞanlıurfa _xŞanlıurfa. _998466 |
| 942 |
_cBK _2lcc |
||